000 00593nam a2200265Ia 4500
005 20260306163748.0
008 008 260114s9999 xx 000 0 eng d
020 _a9781479893331
037 _aEBOOK
040 _aCRL
040 _beng
040 _cCRL
041 _2eng
041 _aeng
084 _qCRL
100 _aNilsen, Turner
_91129305
245 4 _aThe Colorblind Screen
260 _bNYU Press
260 _c2016
650 _aSocial Work
856 _uhttps://academic.oup.com/book/23729
942 _cEBOOK
999 _c1711393
_d1711393